The impact of the new Licensing Act together with a difficult trading environment and other new legislation on capital and rental values of UK nightclubs (Record no. 78008)
[ view plain ]
| 000 -LEADER | |
|---|---|
| fixed length control field | 01579cab a2200217 4500 |
| 001 - CONTROL NUMBER | |
| control field | L135812 |
| 008 - FIXED-LENGTH DATA ELEMENTS--GENERAL INFORMATION | |
| fixed length control field | 061212n2006 000 0 eng u |
| 035 ## - SYSTEM CONTROL NUMBER | |
| System control number | (Sirsi) u135812 |
| 041 0# - LANGUAGE CODE | |
| Language code of text/sound track or separate title | eng |
| 100 1# - MAIN ENTRY--PERSONAL NAME | |
| Personal name | Owens, Stephen |
| 245 04 - TITLE STATEMENT | |
| Title | The impact of the new Licensing Act together with a difficult trading environment and other new legislation on capital and rental values of UK nightclubs |
| 260 ## - PUBLICATION, DISTRIBUTION, ETC. | |
| Date of publication, distribution, etc. | 2006 |
| 490 #0 - SERIES STATEMENT | |
| Series statement | Journal of Retail and Leisure Property |
| Volume/sequential designation | 5(4) October 2006, 341-353(13) |
| 520 ## - SUMMARY, ETC. | |
| Summary, etc. | The nightclub sector has come under pressure from a variety of sectors, and faces increased competition from pubs and bars. This paper discusses the effects of the Licensing Act 2003 and the changes to the Town and Country Planning Order 1987. Also considered are the challenges that the sector faces with the forthcoming ban on smoking in public places. Different types of operations face different challenges, with small and mid-market clubs facing competition from pubs and bars, while super clubs will fair better as they offer a real alternative to late night bars and clubs. As a result of these pressures rental incomes has slowed in some cases, though are unlikely to depreciate. This paper also considers how nightclub premises in England, Scotland and Wales are subject to different legislative frameworks. |
| 590 ## - LOCAL NOTE (RLIN) | |
| Local note | KA |
| 650 24 - SUBJECT ADDED ENTRY--TOPICAL TERM | |
| Topical term or geographic name entry element | TOWN AND COUNTRY PLANNING (USE CLASSES) ORDER 1987 |
| 650 24 - SUBJECT ADDED ENTRY--TOPICAL TERM | |
| Topical term or geographic name entry element | LICENSING ACT 2003 |
| 651 #4 - SUBJECT ADDED ENTRY--GEOGRAPHIC NAME | |
| Geographic name | United Kingdom |
| Chronological subdivision | |
| 690 ## - LOCAL SUBJECT ADDED ENTRY--TOPICAL TERM (OCLC, RLIN) | |
| Topical term or geographic name as entry element | PROPERTY-COMMERCIAL PROPERTY-LEISURE PROPERTY-ENTERTAINMENT PROPERTY |
| 942 ## - ADDED ENTRY ELEMENTS (KOHA) | |
| Suppress in OPAC | 0 |
| Withdrawn status | Lost status | Source of classification or shelving scheme | Damaged status | Not for loan | Home library | Current library | Shelving location | Date acquired | Total Checkouts | Full call number | Barcode | Date last seen | Copy number | Price effective from | Koha item type |
|---|---|---|---|---|---|---|---|---|---|---|---|---|---|---|---|
| Dewey Decimal Classification | London | London | Journal article | 12/12/2006 | L135812 | 135812-1001 | 06/08/2019 | 1 | 06/08/2019 | Journal article |